Countries with More than One Time Zone - Statistics

General Stats
  • This quiz has been taken 85 times
  • The average score is 17 of 23
Answer Stats
# of Time Zones Country % Correct
11 Russia
99%
11 United States of America
99%
4 Brazil
95%
6 Canada
95%
8 Australia
94%
9 United Kingdom
94%
4 Mexico
93%
12 France
91%
2 Spain
88%
3 Indonesia
87%
2 Portugal
82%
2 Kazakhstan
74%
2 Mongolia
71%
5 Denmark
68%
2 Netherlands
67%
5 New Zealand
66%
2 South Africa
63%
2 Democratic Republic of the Congo
51%
2 Chile
49%
2 Federated States of Micronesia
45%
3 Kiribati
45%
2 Ecuador
37%
2 Papua New Guinea
30%
No matching quizzes found
Score Distribution
Percent of People with Each Score
Percentile by Number Answered
Your Score History
You have not taken this quiz